Documento firmado por el Rey [Carlos II] (Record no. 4654)
[ view plain ]
| 000 -CABECERA | |
|---|---|
| campo de control de longitud fija | 01442nam a2200301 a 4500 |
| 001 - NÚMERO DE CONTROL | |
| campo de control | BRCA_4960 |
| 005 - FECHA Y HORA DE LA ÚLTIMA TRANSACCIÓN | |
| campo de control | 20190320204859.0 |
| 008 - DATOS DE LONGITUD FIJA--INFORMACIÓN GENERAL | |
| campo de control de longitud fija | 221010s1700----sp-######v---#000-0#spa-# |
| 041 ## - CÓDIGO DE LENGUA | |
| Código de lengua del texto/banda sonora o título independiente | spa |
| 044 ## - CÓDIGO DEL PAÍS DE LA ENTIDAD EDITORA/PRODUCTORA | |
| Código MARC del país | mx |
| 084 ## - OTRO NÚMERO DE CLASIFICACIÓN | |
| Número de clasificación | DOC61 |
| Número de documento/Ítem | .D63 |
| -- | 1700 |
| 245 10 - MENCIÓN DE TÍTULO | |
| Título | Documento firmado por el Rey [Carlos II] |
| Mención de responsabilidad, etc. | [Carlos II]. |
| 260 ## - PUBLICACIÓN, DISTRIBUCIÓN, ETC. | |
| Lugar de publicación, distribución, etc. | Madrid |
| Fecha de publicación, distribución, etc. | 1700 |
| 300 ## - DESCRIPCIÓN FÍSICA | |
| Extensión | [7] fojas |
| Dimensiones | 30 x 21 cm. |
| 500 ## - NOTA GENERAL | |
| Nota general | Documento firmado el 11 de abril de 1700. |
| 500 ## - NOTA GENERAL | |
| Nota general | Documento firmado por el Rey [Carlos II] en donde da instrucciones al Obispo de México para la exacción del subsidio de un millón de ducados de plata, que su Santidad Monseñor Aperregui concede para ser aplicados en los gastos de la guerra contra los infieles y herejes escoses que han intentado poblar el Darién (Panamá). |
| 500 ## - NOTA GENERAL | |
| Nota general | [Real Cèdula] firmada como ´Yo el Rey´. |
| 500 ## - NOTA GENERAL | |
| Nota general | Contiene la leyenda DOC. #71. |
| 500 ## - NOTA GENERAL | |
| Nota general | Papel con marca de agua. |
| 500 ## - NOTA GENERAL | |
| Nota general | Estado de conservación: contiene pequeñas manchas de acidez. |
| 506 0# - NOTA DE RESTRICCIONES AL ACCESO | |
| Limitaciones de acceso | Fondo Reservado. Para su consulta es necesario credencial de usuario y carta de motivos. |
| 546 ## - NOTA DE LENGUA/LENGUAJE | |
| Nota de lengua/lenguaje | Texto en: español de principos del siglo XVIII. |
| 600 14 - PUNTO DE ACCESO ADICIONAL DE MATERIA--NOMBRE DE PERSONA | |
| Nombre de persona | Carlos |
| Numeración | II |
| Títulos y otros términos asociados al nombre | Rey de España |
| Fechas asociadas al nombre | 1661-1700 |
| Subdivisión general | Historia |
| 9 (RLIN) | 12620 |
| 650 14 - PUNTO DE ACCESO ADICIONAL DE MATERIA--TÉRMINO DE MATERIA | |
| Término de materia o nombre geográfico como elemento de entrada | Documentos legales |
| Subdivisión de forma | Impreso |
| Subdivisión general | Historia |
| Subdivisión cronológica | Casa de Austria, 1516-1700 |
| Subdivisión geográfica | España |
| 9 (RLIN) | 12621 |
| 651 #4 - PUNTO DE ACCESO ADICIONAL DE MATERIA--NOMBRE GEOGRÁFICO | |
| Nombre geográfico | México |
| Subdivisión general | Historia |
| Subdivisión cronológica | Colonia, 1521-1821 |
| 9 (RLIN) | 12461 |
| 902 ## - CATALOGADOR | |
| Iniciales | FDH |
| 942 ## - ELEMENTOS DE PUNTO DE ACCESO ADICIONAL (KOHA) | |
| Fuente del sistema de clasificación o colocación | Library of Congress Classification |
| Tipo de ítem Koha | Documentos |
| Estado de retiro | Estado de pérdida | Estado dañado | No para préstamo | Localización permanente | Ubicación/localización actual | Fecha de adquisición | Total de préstamos | Signatura topográfica completa | Código de barras | Fecha visto por última vez | Precio válido a partir de | Tipo de ítem Koha |
|---|---|---|---|---|---|---|---|---|---|---|---|---|
| El ejemplar forma parte de la colección y puede ser consultado según las políticas vigentes. | Biblioteca del Museo Franz Mayer (Rogerio Casas-Alatriste) | Biblioteca del Museo Franz Mayer (Rogerio Casas-Alatriste) | 22/10/2010 | DOC61 .D63 1700 | 5022 | 22/03/2019 | 22/03/2019 | Documentos |